000 00466nam a2200145 i 4500
001 46197
003 ES-MaACL
007 t|
008 030328s1895 sp ||||1| spa d
100 1 _aComas y Arqués, Augusto.
_939953
245 1 0 _aProyecto de reforma del código civil español /
_cpor Augusto Comas y Arqués.
260 _aMadrid :
_b[s.n.,
_c1895] (
_fImprenta y Litografía de los Huérfanos)
300 _aLXI, 347 p. ;
_c25 cm.
852 _aES-MaACL
_jB-5004
999 _c46197
_d46197